Statystyki dla Osoby z inicjałami A.

Kliknij tutaj aby rozwiązać quiz!

Ogólne statystyki

  • Ten quiz został rozwiązany 153 razy
  • Średni wynik to 7 z 25

Statystyki odpowiedzi

WskazówkaOsoba% Poprawnych
AETeoretyk E = mc2Albert Einstein
92%
AHZnany führerAdolf Hitler
81%
ANWynalazca dynamituAlfred Nobel
78%
ALSzesnasty prezydent USAAbraham Lincoln
71%
APAktor z "Ojca chrzestnego"Al Pacino
61%
ASNajsłynniejszy austriacki
kulturysta
Arnold
Schwarzenegger
44%
AWPiosenkarka, która śpiewała
"She didn't want to go to
rehab, no no no"
Amy Winehouse
42%
ADAutor "Trzech muszkieterów"Alexandre Dumas
33%
ACGangster zwany "Scarface"Al Capone
32%
AVTwórca map i imiennik
dwóch kontynentów
Amerigo Vespucci
30%
AFŚpiewała "R-E-S-P-E-C-T"Aretha Franklin
28%
AATenisista, którego głównym
rywalem był Pete Sampras
Andre Agassi
27%
ABDruga żona Henryka VIIIAnne Boleyn
27%
AKReżyser "Siedmiu samurajów"Akira Kurosawa
21%
AQGwiazda filmu "Grek Zorba"Anthony Quinn
13%
AODrugi mąż
Jackie Kennedy
Aristotelis Onasis
11%
AJPrezydent USA, który zabił
człowieka w pojedynku
Andrew Jackson
10%
AGPartner Paula SimonaArt Garfunkel
10%
AIKoszykarz z rzędami kukurydzy,
pseudonim "The Answer".
Allen Iverson
8%
AYWokalista "Amish Paradise"
i "Like a Surgeon"
Al Yankovic
7%
AMKanadyjska piosenkarka, która
słabo rozumie słowo "ironia"
Alanis Morissette
4%
ARAutor "Atlasu zbuntowanego"Ayn Rand
4%
AZSfilmował zamach
na Kennedy'ego
Abraham Zapruder
1%
ATProwadzący "Jeopardy"Alex Trebek
1%
AUCzterokrotny zwycięzca
Indianapolis 500
Al Unser
1%

Rozkład punktacji

Percentyl według liczby udzielonych odpowiedzi

Procent ludzi z każdym wynikiem

Twoja historia wyników

Nie rozwiązałeś tego quizu